| 000 | 00746nam a2200253Ia 4500 | ||
|---|---|---|---|
| 003 | OSt | ||
| 005 | 20220926014421.0 | ||
| 006 | a|||||r|||| 00| 0 | ||
| 007 | ta | ||
| 008 | 220923b |||||||| |||| 00| 0 eng d | ||
| 037 | _cGeneral Book | ||
| 040 |
_aRTL _cRTL _beng |
||
| 041 |
_2eng _aeng |
||
| 082 | _aX:8F, K3;M5 | ||
| 100 |
_aZeff Stephen A Ed. _9320606 |
||
| 245 | 0 |
_aFinancial accounting theory _b Issues and controvers |
|
| 250 | _a3ed | ||
| 260 |
_aNew York _bMcgraw hill USA _c1985 |
||
| 300 |
_axi, 660p. Bib chapterwise _ccm. |
||
| 650 | _aBudgeting | ||
| 700 |
_a Keller Thomas F Ed. _9320607 |
||
| 942 |
_hX:8F, K3;M5 _cGB _2CC |
||
| 999 |
_c628988 _d628988 |
||